000
00357nam a2200133Ia 4500
008
231129s2011||||xx |||||||||||||| ||spa||
020
_a
978-958-712-608-2
040
_b
spa
082
_a
R 912 A881at
245
0
_a
Atlas geográfico universal
260
_c
2011
264
_a
Barcelona España : Océano
942
_2
ddc
_c
BKS
999
_c
5839
_d
5839